00517nam a2200157Ia 4500008004100000041000800041082001500049100001700064245004500081250001400126260003800140300003300178365000900211999001500220952012400235240624s9999 xx 000 0 und d aeng a658.88 DAS aDAS SATYAJIT aCREDIT DERIVATIVES AND CREDIT LINKED NOT a(2nd ed.) c2000aNew YorkbJohn Wiley & Sons axxiii, : 940 : p. : cm. ; 23 cb28 c8158d8158 00104070aIMTNbIMTNcRack 35-Bd2008-01-22eBWEg79.95o658.88 DASp8158r2024-06-24 00:00:00t39.58w2024-06-24yBK